000 00206 a2200097 4500
001 34658
100 _aDutton, Ellen
245 _aLAN Security Handbook
260 _aND
_bBPB
_c1995
090 _c22941
_d22941
942 _aNUST-CAE
_cM
_c14382
999 _c269731
_d269731